000 00200 a2200097 4500
001 18387
100 _aPlaat
245 _aOrdinary diff equations
260 _a
_bHolden day
_c
090 _c13647
_d13647
942 _aNUST-CAE
_cM
_c4055
999 _c253460
_d253460